Эртний монголын эрэлхэг хатад (Бичлэгийн дугаар. 1145195)

MARC дэлгэрэнгүй
000 -Удирдлага
Ном зүйн бүртгэл тоо буюу кодлох утгыг агуулсан 01184nam a22002057a 4500
003 - ХЯНАЛТЫН ТОО ТОДОРХОЙЛОГЧ
Код MN-UlNLM
005 - ХАМГИЙН СҮҮЛИЙН ҮЕИЙН ХЭЛЦЛИЙН ОГНОО БА ЦАГ
Тухайн бичилтийг бичсэн засварласан сүүлийн огноо. 20241015111236.0
008 - ЕРӨНХИЙ МЭДЭЭЛЭЛ-ЭЛЕМЕНТҮҮДИЙН ӨГӨГДЛИЙН УРТ
fixed length control field 240920s2024 mp ||||| |||| 00| 0 mon d
020 ## - ОЛОН УЛСЫН СТАНДАРТ НОМЫН ДУГААР-ISBN
Олон Улсын Стандарт Номын Дугаар 9789919016081
040 ## - ЭХ СУРВАЛЖИЙГ ТОДОРХОЙЛОН БИЧИХ
Каталогийн хэл Монгол
084 ## - БУСАД АНГИЛЛЫН ДУГААР
Ангиллын нэр Номын сан номзүйн ангилал
Анги 84(5Мон)-44
Зохиогчийн 3-н тэмдэгт Э 66
Шинжлэх ухааны мэдлэгийн салбар Уран зохиол - 84
100 1# - ЗОХИОГЧИЙН ХЭСЭГ
Зохиогчийн нэр Энхбаяр Ш.
245 0# - ҮНДСЭН ГАРЧИГ
Гарчиг Эртний монголын эрэлхэг хатад
Оролцогчдын тухай мэдээ Ред. Х.Бадамхорол
260 1# - ГАРАЛТЫН ТУХАЙ МЭДЭЭ
Хэвлэгдсэн газар УБ
Хэвлэлийн газар Жиком пресс
Хэвлэгдсэн он 2024
300 ## - ТООНЫ МЭДЭЭ
Хуудасны тоо 116х
505 ## - FORMATTED CONTENTS NOTE
Title Нэг. Алунгоо эхийн домог --
-- Хоёр. Өнөд ба Өөлөн хатан --
-- Гурав. Бусдыг аврагч Бөртэ хатан --
-- Дөрөв. Ухаант хатны учиртай зөвлөгөө --
-- Тав. Олзны хатан, онцгой хувьтан --
-- Зургаа. Хаан төр барьсан хоёр дахь --
-- Долоо. Чингис хааны сонгосон бэр --
-- Найм. Цамба хатан чамбай хүн --
-- Ес. Хаанаас өс авагч хатан --
-- Арав. Хамаг олонд хайрлагдсан хатан Мандухай
546 ## - ХЭЛНИЙ ТУХАЙ МЭДЭЭ
Хэл Монгол
650 ## - Сэдэв
Сэдэв Уран зохиол
942 ## - ЭЛЕМЕНТИЙН ТӨРӨЛ
Төрөл Ном
Захиалгууд
Буцаан татагдсан төлөв Хасагдсан шалтгаан Ангиллын нэр Гэмтсэн төлөв Данс заагч Захиалах боломжгүй Үндсэн номын сан Одоогийн байршил Салбар танхим Сан хөмрөг 5 Бүртгэсэн огноо Бүрдүүлэлтийн эх үүсвэр Тавиурын заалт Дансны дугаар Баркод Үнэ Хамгийн сүүлд байсан огноо Нийт уншлаганд гарсан тоо Фактур мөрийн дугаар Төрөл
            МУҮНомын сан салбар МУҮНомын сан салбар МУҮНС салбар | Язгуур танхим 8 давхар МУҮНС салбар | Язгуур танхим 8 давхар 2024-11-04 Худалдан авсан 84(5Мон)-44 Э 66 98876 006000098876 11000.00 2024-11-04     Ном
            МУҮНомын сан салбар МУҮНомын сан салбар МУҮНС салбар | Язгуур танхим 8 давхар МУҮНС салбар | Язгуур танхим 8 давхар 2024-11-04 Худалдан авсан 84(5Мон)-44 Э 66 98877 006000098877 11000.00 2024-11-04     Ном
            МУҮНомын сан салбар МУҮНомын сан салбар МУҮНС салбар | Язгуур танхим 8 давхар МУҮНС салбар | Язгуур танхим 8 давхар 2024-11-04 Худалдан авсан 84(5Мон)-44 Э 66 98878 006000098878 11000.00 2024-11-04     Ном
    Номын сан номзүйн ангилал     Албан хэрэгцээнд МУҮндэсний Номын сан МУҮндэсний Номын сан МУҮНС төв | Архив фонд төв байр МУҮНС төв | Архив фонд төв байр 2024-09-20 Худалдан авсан 84(5Мон)-44 Э 66 43635 003110043635 11000.00 2024-09-20   240530.00 Ном
            МУҮндэсний Номын сан МУҮндэсний Номын сан МУҮНС төв | Ойр фонд МУҮНС төв | Ойр фонд 2024-11-04 Худалдан авсан 84(5Мон)-44 Э 66 98875 006000098875 11000.00 2024-11-04     Ном